LEADER 01409nam a2200277 4500 001 000000331988 003 CaOOAMICUS 005 20190115140557.0 008 190111s2008 it 000 u ita r 020 $a978-88-7946-207-5 040 $aSeMil$bita 100 1 $aStemberg, Robert J.$0(OLS)http://semarc/name/108844 245 13$aLe tre intelligenze :$bcome potenziare le capacità analitiche, creative e pratiche /$cRobert J. Stemberg e Louise Spear-Swerling ; Presentazione all'edizione italiana di Cesare Cornoldi. 264 1$aGardolo (TN) :$bErickson,$c2008. 300 $a154 p. ;$c24 cm 490 1 $aGuide per l'educazione [Erickson] 650 4$aApprendimento - Psicopedagogia.$0(OLS)http://semarc/subject/46870 700 1 $aSpear-Swerling, Louise,$ecollaboratore.$0(OLS)http://semarc/name/108845 700 1 $aCornoldi, Cesare,$eautore di introduzione.$0(OLS)http://semarc/name/54988 830 0$aGuide per l'educazione.$0(OLS)http://semarc/title/401488 850 $aSeMil 852 $aSeMil$W1$xVenegono$y1$m2Q VI 186$j211093$B224752$CSeMilBibl$Z2$F224752 $81 996 $6020$a978-88-7946-207-5$9(OLS)http://semarc/number/286153 996 $6245$aLe tre intelligenze :$bcome potenziare le capacità analitiche, creative e pratiche$9(OLS)http://semarc/title/420695 996 $6264$aGardolo (TN) :$bErickson$9(OLS)http://semarc/publisher/33474 LEADER 01149nam a2200277 i 4500 001 000000063494 003 CaOOAMICUS 005 20190704103625.0 008 100310s1958 fr u000 u fre u 013 $a34666 040 $aSeMil$bita 100 1 $aBazelaire, Louis-Marie : de .$0(OLS)http://semarc/name/31320 245 14$aLes laïcs aussi sont l'Église /$cLouis-Marie de Bazelaire. 260 $aParis :$bLibrairie Arthème Fayard,$c1958. 300 $a159 p. ;$c20 cm. 490 0 $aJe sais, je crois ;$v86 650 4$aLaicato.$0(OLS)http://semarc/subject/6802 650 4$aLaici - Chiesa.$0(OLS)http://semarc/subject/12437 650 4$aLaicato - Chiesa cattolica.$0(OLS)http://semarc/subject/12438 830 0$aJe sais, je crois ;$v86.$0(OLS)http://semarc/title/524 850 $aSeMil 852 $aSeMil$W1$xVenegono$y1$m2X I 171$j29647$B29647$CSeMilBibl$Z2$F29650 $81 961 $aOmaggio: Oggioni don Costantino 996 $6245$aLes laïcs aussi sont l'Église$9(OLS)http://semarc/title/100317 996 $6260$aParis :$bLibrairie Arthème Fayard$9(OLS)http://semarc/publisher/34003